Coat of Arms - Africa Countries - Statistics

General Stats
  • This quiz has been taken 18 times
  • The average score is 36 of 54
Answer Stats
Picture Answer % Correct
Somalia
100%
Central African Republic
91%
Egypt
91%
Eswatini
91%
Ethiopia
91%
Kenya
91%
Morocco
91%
Namibia
91%
Niger
91%
Angola
82%
Burkina Faso
82%
Equatorial Guinea
82%
Libya
82%
Seychelles
82%
Tanzania
82%
Togo
82%
Tunisia
82%
Cameroon
73%
Eritrea
73%
Liberia
73%
Madagascar
73%
Mali
73%
Mauritania
73%
Mozambique
73%
São Tomé & Príncipe
73%
Sudan
73%
Zimbabwe
73%
Algeria
64%
Botswana
64%
Comoros
64%
D.R. Congo
64%
Gabon
64%
Ghana
64%
Guinea
64%
Ivory Coast
64%
Nigeria
64%
Rep. of the Congo
64%
Cape Verde
55%
Uganda
55%
Zambia
55%
Benin
45%
Chad
45%
Gambia
45%
Guinea-Bissau
45%
Lesotho
45%
Mauritius
45%
South Africa
45%
South Sudan
45%
Burundi
36%
Djibouti
36%
Malawi
36%
Rwanda
36%
Senegal
36%
Sierra Leone
36%
No matching quizzes found
Score Distribution
Percent of People with Each Score
Percentile by Number Answered
Your Score History
You have not taken this quiz